UBT Library

IDIMT '98, 6th Interdisciplinary Information Management Talks : proceedings / (Record no. 134)

000 -LEADER
fixed length control field 00993nam a22002417a 4500
005 - DATE AND TIME OF LATEST TRANSACTION
control field 20131017110756.0
008 - FIXED-LENGTH DATA ELEMENTS--GENERAL INFORMATION
fixed length control field 980204s1997 au a b 100 0 eng
020 ## - INTERNATIONAL STANDARD BOOK NUMBER
International Standard Book Number 3853209556
041 0# - LANGUAGE CODE
Language code of text/sound track or separate title eng
080 ## - UNIVERSAL DECIMAL CLASSIFICATION NUMBER
Universal Decimal Classification number 004:061.3
111 2# -
-- Interdisciplinary Information Management Talks
-- (6th :
-- 1998 :
-- Zadov, Czech Republic)
245 00 - TITLE STATEMENT
Title IDIMT '98, 6th Interdisciplinary Information Management Talks : proceedings /
Statement of responsibility, etc Susanne Hofer, Manfred Beneder.
260 ## -
-- Wien :
-- Universitatsverlag Rudolf Trauner,
-- 1998.
300 ## -
-- 389 f. :
-- me il ;
-- 24 cm.
440 #0 -
-- Schriftenreihe der Österreichischen Computer Gesellschaft ;
-- Bd. 102
490 ## -
-- Schriftenreihe der Österreichischen Computer Gesellschaft ;
-- Bd. 102
504 ## - BIBLIOGRAPHY, ETC. NOTE
Bibliography, etc Includes bibliographical references.
650 #0 -
-- Menaxhimi i sistemeve të informacionit
-- Kongreset.
650 #0 -
-- Menaxhimi i burimeve të informacionit
-- Kongreset.
700 1# -
-- Hofer, Susanne.
700 1# -
-- Beneder, Manfred
942 ## - ADDED ENTRY ELEMENTS (KOHA)
Source of classification or shelving scheme
Item type Books
Holdings
Withdrawn status Lost status Source of classification or shelving scheme Damaged status Not for loan Collection code Permanent location Current location Shelving location Date acquired Total Checkouts Full call number Barcode Date last seen Koha item type
          Koleksioni i përgjithshem UBT - Prishtine UBT - Prishtine Koleksioni i përgjithshem 10/17/2013   004:061.3 INF 001-000146 10/17/2013 Books
UBT Library © 2015-2024. All rights reserved University Education for Business and Technology